Pays ayant changé de nom récemment - Statistiques

Statistiques générales
  • Ce quiz a été pris 101 fois
  • Le résultat moyen est 7 sur 10
Statistiques - réponses
Ancien nom Réponse Date du changement % Correct
Macédoine Macédoine du Nord 2019
100%
Birmanie Myanmar 1989
86%
Zaïre République Démocratique du Congo 1997
84%
Swaziland Eswatini 2018
82%
Rhodésie du Sud Zimbabwe 1980
63%
Ceylan Sri Lanka 1972
61%
Rhodésie du Nord Zambie 1964
60%
Haute-Volta Burkina Faso 1984
53%
Dahomey Bénin 1975
39%
Kampuchéa Cambodge 1975
38%
Aucun quiz correspondant
Distribution des résultats
% des personnes avec chaque résultat
Percentile par nombre de réponses
Votre historique - résultats
Vous n’avez pas pris ce quiz